000 00334nam a2200145Ia 4500
005 20251222140039.0
008 251222s1900||||xx |||||||||||||| ||spa||
020 _a8428411411
082 _a242.2/C12
100 _aCaballero, Basilio
245 0 _aEn las Fuentes de la Palabra:
250 _a2da. ed.
264 _bPS
942 _cLIB
999 _c3238
_d3238